Представление документа в формате RUSMARC

ПолеНазваниеЗначение
  Тип записи a
  Библиографический уровень m
001 Контрольный номер bfa37678c6564e39b0056288db37cf4a
005 Дата корректировки 20150918100119.3
010 Индекс ISBN __
a ISBN 978-5-394-02432-0
d Цена 315,00
101 Язык документа 0_
a Язык текста rus
102 Страна публикации __
a Страна публикации RU
200 Заглавие и сведения об ответственности 1_
a Заглавие Бизнес-планирование
b Общее обозначение материала Текст
e Сведения, относящиеся к заглавию Учебник для бакалавров
f Первые сведения об ответственности П. И. Орлова; под ред. к.э.н. М. И. Глуховой
205 Сведения об издании __
a Основные сведения об издании 2-е изд., перераб. и доп.
210 Выходные данные 1_
a Место издания М.
c Издательство Издательско-торговая корпорация "Дашков и К"
d Дата издания 2015
215 Физическое описание __
a Объем 288с.
610 Ключевые слова 0_
a Ключевые слова бизнес-планирование
a Ключевые слова развитие организации
a Ключевые слова анализ внешней среды организации
a Ключевые слова анализ конкурентных позиций
a Ключевые слова Анализ потребителей
a Ключевые слова Анализ внутренней среды организации
a Ключевые слова финансовое планирование
686 Индексы других классификаций __
a Классификационный индекс 65.290-2
700 Автор _1
a Фамилия Орлова П. И.
801 Источник записи _0
a Страна RU
b Организация РУК
g Правила каталогизации PSBO
801 Источник записи _1
a Страна RU
b Организация РУК
g Правила каталогизации PSBO
852 Данные о местонахождении __
i Авторский знак О-66
j Шифр хранения 65.290-2
b Сигла хранения ЧЗ_1
t Номер экземпляра 1
p Инвентарный номер 1800150797
901 Тип документа __
t Тип документа m
937 Технологическая информация __
a Создатель записи (имя) Носкова
938 Служебная информация __
a Название организации Саранский филиал
952 Тип литературы __
c Вид литературы учебник